Argumentation schemes for presumptive reasoning
Uloženo v:
| Hlavní autor: | |
|---|---|
| Médium: | Kniha |
| Jazyk: | angličtina |
| Vydáno: |
Mahwah
Lawrence Erlbaum Associates
1996
|
| Edice: | LEA Titles in Argumentation
|
| Témata: | |
| Tagy: |
Přidat tag
Žádné tagy, Buďte první, kdo vytvoří štítek k tomuto záznamu!
|
MARC
| LEADER | 00000nam a2200000 a 4500 | ||
|---|---|---|---|
| 001 | UCM7345 | ||
| 003 | CL-VaPUC | ||
| 008 | 021213e19960000us |||||||||||||||||eng|d | ||
| 082 | 0 | 4 | |a 808 |b WAL |2 21 |
| 100 | 0 | |a Walton, Douglas N |e author |9 472926 | |
| 245 | 1 | 0 | |a Argumentation schemes for presumptive reasoning |
| 300 | |a 218 p | ||
| 942 | |c BK | ||
| 945 | |d 20021213 00:00:00 |a cmena | ||
| 260 | |a Mahwah |b Lawrence Erlbaum Associates |c 1996 | ||
| 650 | 7 | |a PERSUASION |2 CL-VaPUC |9 333321 | |
| 650 | 0 | |a Retórica |9 266620 | |
| 650 | 7 | |a TEORIA LINGUISTICA |2 CL-VaPUC |9 334835 | |
| 650 | 0 | |a Razonamiento |9 256520 | |
| 583 | |a last modification |c 20171120 04:55:49 |k Rodrigo Vera | ||
| 490 | 0 | |a LEA Titles in Argumentation | |
| 999 | |c 302188 |d 302186 | ||
| 952 | |0 0 |1 0 |4 0 |6 808_000000000000000_WAL_1996 |7 0 |8 A |9 362297 |a FDOPOS |b FDOPOS |d 2019-11-21 |i 2040433 |o 808 WAL 1996 |p 2040433 |r 2025-01-22 |w 2019-11-21 |y BK |k MLA | ||